The geography of multinationals (Record no. 12568)

MARC details
000 -LEADER
fixed length control field 01472nam a2200349Ia 4500
001 - CONTROL NUMBER
control field 9780203076293
003 - CONTROL NUMBER IDENTIFIER
control field BD-DhSAU
005 - DATE AND TIME OF LATEST TRANSACTION
control field 20151012151719.0
006 - FIXED-LENGTH DATA ELEMENTS--ADDITIONAL MATERIAL CHARACTERISTICS
fixed length control field a|||||s|||||||||||
007 - PHYSICAL DESCRIPTION FIXED FIELD--GENERAL INFORMATION
fixed length control field cr||||
008 - FIXED-LENGTH DATA ELEMENTS--GENERAL INFORMATION
fixed length control field 130109r20131982enkabd sb 001 0 eng d
020 ## - INTERNATIONAL STANDARD BOOK NUMBER
International Standard Book Number 9780203076293 (e-book : PDF)
040 ## - CATALOGING SOURCE
Original cataloging agency BD-DhSAU
Transcribing agency BD-DhSAU
090 ## - LOCALLY ASSIGNED LC-TYPE CALL NUMBER (OCLC); LOCAL CALL NUMBER (OCLC)
Classification number (OCLC) (R) ; Classification number, CALL (RLIN) (NR) HD2755.5
Local cutter number (OCLC) ; Book number/undivided call number, CALL (RLIN) .G46 2013
092 ## - LOCALLY ASSIGNED DEWEY CALL NUMBER (OCLC)
Classification number 338.88
Item number G345
245 04 - TITLE STATEMENT
Title The geography of multinationals
Medium [electronic resource] :
Remainder of title studies in the spatial development and economic consequences of multinational corporations /
Statement of responsibility, etc. edited by Michael Taylor and Nigel Thrift.
260 ## - PUBLICATION, DISTRIBUTION, ETC. (IMPRINT)
Place of publication, distribution, etc. Abingdon, Oxon :
Name of publisher, distributor, etc. Routledge,
Date of publication, distribution, etc. 2013.
300 ## - PHYSICAL DESCRIPTION
Extent 338 p. :
Other physical details ill., maps.
490 0# - SERIES STATEMENT
Series statement Routledge library editions. International business ;
Volume/sequential designation v. 37
500 ## - GENERAL NOTE
General note First published in 1982 by Croom Helm.
504 ## - BIBLIOGRAPHY, ETC. NOTE
Bibliography, etc Includes bibliographical references and indexes.
505 0# - FORMATTED CONTENTS NOTE
Formatted contents note pt. 1. The spatial development sequences of multinational corporations -- pt. 2. The geographical ramifications of multinational corporations.
530 ## - ADDITIONAL PHYSICAL FORM AVAILABLE NOTE
Additional physical form available note Also available in print edition.
538 ## - SYSTEM DETAILS NOTE
System details note Mode of access: World Wide Web.
650 #0 - SUBJECT ADDED ENTRY--TOPICAL TERM
Topical term or geographic name as entry element International business enterprises.
650 #0 - SUBJECT ADDED ENTRY--TOPICAL TERM
Topical term or geographic name as entry element Industrial location.
655 #7 - INDEX TERM--GENRE/FORM
Genre/form data or focus term Electronic books.
Source of term lcsh
700 1# - ADDED ENTRY--PERSONAL NAME
Personal name Taylor, Michael,
Dates associated with a name 1946 Feb. 28-
700 1# - ADDED ENTRY--PERSONAL NAME
Personal name Thrift, N. J.
776 1# - ADDITIONAL PHYSICAL FORM ENTRY
International Standard Book Number 9780415658041
-- 9780415630092 (set)
856 40 - ELECTRONIC LOCATION AND ACCESS
Uniform Resource Identifier <a href="http://www.tandfebooks.com/isbn/9780203076293">http://www.tandfebooks.com/isbn/9780203076293</a>

No items available.